00903nam a22002417a 450000500170000001000130001702000240003003500130005403700160006704000120008308200160009524500910011126000500020227000640025230000260031650000200034265000510036265000410041370000280045494200260048299900190050895201340052720170124110227.0 aB-167372 c1000.00a8180691842 aB-167372 bCen Lib/Ret aDPLbEN a328.54bHAN aHandbook on the working of ministry of parliament affairs /cedited by V.K. Agnihotri  aNew Delhi bConcept Publishing Company c2004 bNew Delhi aA/15-16, commercial block, mhan garden e110059 axvii, 570p.c21cm(Hb) aIncludes index  aMinistry of parliament affairs zIndia 940912 aRules and practice vManuals 940913 aAgnihotri, V.K. 940914 2ddccENh328.54mHAN  c134503d134503 001040718REFaLbLd2015-07-30eCen Lib/Retg1000.00l0o328.54 HANpB-167372r2015-07-30 00:00:00t1v1000.00w2015-07-30yEN